[Event "LEM Nachwuchs M-V u25 08.-12.02.2020"]
[Site "Aula Fleesenseeschule Malch"]
[Date "2020.02.08"]
[Round "1.1"]
[White "Fromm, Robert"]
[Black "Goldbach, Aaron"]
[Result "0-1"]
[WhiteElo "1178"]
[BlackElo "1859"]
[PlyCount "72"]
[EventDate "2020.??.??"]
[WhiteTeam "ASV Wismar"]
[BlackTeam "SC Mecklenburger Springer"]

1. f4 d5 2. Nf3 Nf6 3. d4 Bf5 4. e3 e6 5. Nbd2 Nbd7 6. c3 Be7 7. Be2 h6 8. O-O
O-O 9. Ne5 Ne4 10. g4 Bh7 11. Nxe4 dxe4 12. Qc2 Nb6 13. f5 exf5 14. gxf5 f6 15.
Nc4 c6 16. Nxb6 axb6 17. Bc4+ Kh8 18. Qxe4 Qc7 19. Rf2 c5 20. Be6 b5 21. b3 Ra6
22. Bb2 Rfa8 23. a3 b4 24. a4 b5 25. Qc2 Rxe6 26. Re2 cxd4 27. exd4 Rxe2 28.
Qxe2 bxc3 29. Bc1 bxa4 30. bxa4 Bxf5 31. Qf3 Qa5 32. Qg3 Rc8 33. Ra2 c2 34. Qe3
Bd6 35. Bd2 Qd5 36. Ra1 Qe4 0-1

[Event "LEM Nachwuchs M-V u25 08.-12.02.2020"]
[Site "Aula Fleesenseeschule Malch"]
[Date "2020.02.08"]
[Round "1.2"]
[White "Schmidt, Arne"]
[Black "Markovych, Leonid"]
[Result "1-0"]
[WhiteElo "1674"]
[BlackElo "1117"]
[PlyCount "53"]
[EventDate "2020.??.??"]
[WhiteTeam "SF Schwerin"]
[BlackTeam "TuS Makkabi Rostock"]

1. Nf3 Nf6 2. b3 g6 3. Bb2 Bg7 4. e3 b6 5. Be2 O-O 6. O-O Bb7 7. d3 c5 8. Nbd2
d5 9. Rc1 Nbd7 10. c4 e6 11. Rc2 Qc7 12. Qa1 Ne8 13. d4 cxd4 14. Nxd4 Qd8 15.
cxd5 Bxd5 16. Rfc1 a5 17. Bf3 Bxf3 18. N2xf3 Nc5 19. Rd1 Qd7 20. Rcd2 Qb7 21.
Nb5 Bxb2 22. Qxb2 Ng7 23. Ne5 Rfe8 24. Nd6 Qc7 25. Nxe8 Rxe8 26. Nd7 h5 27.
Nf6+ 1-0

[Event "LEM Nachwuchs M-V u25 08.-12.02.2020"]
[Site "Aula Fleesenseeschule Malch"]
[Date "2020.02.08"]
[Round "1.3"]
[White "Ivanov, Maksim"]
[Black "Lange, Marius Moritz"]
[Result "1/2-1/2"]
[WhiteElo "1034"]
[BlackElo "1703"]
[PlyCount "112"]
[EventDate "2020.??.??"]
[WhiteTeam "SSC Rostock"]
[BlackTeam "VT Ludwigslust"]

1. d4 d6 2. c4 Nf6 3. Nc3 g6 4. Nf3 Bg7 5. e4 O-O 6. Bd3 Bg4 7. O-O c6 8. h3
Bxf3 9. Qxf3 Nbd7 10. g4 e5 11. g5 Nh5 12. d5 cxd5 13. Nxd5 Nc5 14. Bc2 Rc8 15.
Qg4 Ne6 16. Bd3 Nhf4 17. Nxf4 exf4 18. Bxf4 Nxf4 19. Qxf4 Bxb2 20. Rab1 Be5 21.
Qg4 b6 22. Kh1 Bg7 23. f4 h5 24. gxh6 Bxh6 25. f5 g5 26. f6 Re8 27. Qh5 Re5 28.
Qxh6 Qf8 29. Qxf8+ Kxf8 30. Rf5 Rcc5 31. Rxe5 Rxe5 32. Rb5 Ke8 33. Rxe5+ dxe5
34. Be2 Kd7 35. Bg4+ Kd6 36. Bh5 Ke6 37. Kg2 Kxf6 38. Kg3 Ke6 39. Bg4+ Kd6 40.
Be2 Kc5 41. Kg4 Kd4 42. Kxg5 Kxe4 43. h4 f5 44. h5 f4 45. h6 f3 46. Bxf3+ Kxf3
47. h7 e4 48. h8=Q e3 49. Qa8+ Kg3 50. Qxa7 e2 51. Qxb6 e1=Q 52. Qb3+ Kg2 53.
Qc2+ Kh1 54. Qh7+ Kg2 55. Qb7+ Kg1 56. Qb6+ Kh1 1/2-1/2

[Event "LEM Nachwuchs M-V u25 08.-12.02.2020"]
[Site "Aula Fleesenseeschule Malch"]
[Date "2020.02.08"]
[Round "1.4"]
[White "Ostrzinski, Jan"]
[Black "Pommerehnke, Marla"]
[Result "1-0"]
[WhiteElo "1532"]
[BlackElo "1000"]
[PlyCount "85"]
[EventDate "2020.??.??"]
[WhiteTeam "Think Rochade"]
[BlackTeam "TuS Makkabi Rostock"]

1. e4 e5 2. Nf3 Nc6 3. d4 exd4 4. Nxd4 Nf6 5. Nxc6 bxc6 6. Bd3 Bc5 7. O-O d6 8.
Bg5 O-O 9. Nc3 Rb8 10. Na4 Be6 11. Nxc5 Rxb2 12. Nb3 Bxb3 13. axb3 Qe7 14. Qc1
Qe5 15. Bxf6 Qxf6 16. c3 Rxb3 17. Rxa7 Rxc3 18. Qb1 Qd4 19. Rxc7 Rxd3 20. Rxc6
Qxe4 21. Rxd6 Re8 22. Qxd3 Qe7 23. Rd7 Qf6 24. Qd6 Qxd6 25. Rxd6 g6 26. Rfd1
Kg7 27. g3 Rb8 28. Rd7 Rf8 29. Rd8 Rxd8 30. Rxd8 Kf6 31. f4 h5 32. h3 Ke7 33.
Rd5 f5 34. Ra5 Kf6 35. h4 Kg7 36. Kf2 Kf6 37. Ke3 Ke6 38. Kd4 Kf6 39. Ra6+ Kf7
40. Ke5 Kg7 41. Ra7+ Kh6 42. Kf6 g5 43. hxg5# 1-0

[Event "LEM Nachwuchs M-V u25 08.-12.02.2020"]
[Site "Aula Fleesenseeschule Malch"]
[Date "2020.02.08"]
[Round "1.5"]
[White "Mochtak, Maximilian"]
[Black "Zoll, Cindy"]
[Result "0-1"]
[WhiteElo "998"]
[BlackElo "1387"]
[PlyCount "64"]
[EventDate "2020.??.??"]
[WhiteTeam "TuS Makkabi Rostock"]
[BlackTeam "SG Güstrow"]

1. d4 f5 2. c4 Nf6 3. Bf4 e6 4. Nc3 c6 5. b3 d5 6. e3 Be7 7. Nf3 Bb4 8. Qc1 Ne4
9. Bd3 Bxc3+ 10. Ke2 Bxa1 11. Qxa1 O-O 12. Re1 Nd7 13. Kf1 Ndf6 14. Bg5 Nxg5
15. Nxg5 Ne4 16. Nf3 Qf6 17. Qc1 f4 18. Re2 fxe3 19. fxe3 e5 20. Qb2 exd4 21.
exd4 Bg4 22. Re3 Ng5 23. Qe2 Qxd4 24. h3 Bxf3 25. gxf3 Qa1+ 26. Kf2 Nxh3+ 27.
Kg3 Nf4 28. Qf2 Nxd3 29. Rxd3 Qf6 30. Kg2 Qg6+ 31. Kf1 Qxd3+ 32. Kg2 Rae8 0-1

[Event "LEM Nachwuchs M-V u25 08.-12.02.2020"]
[Site "Aula Fleesenseeschule Malch"]
[Date "2020.02.08"]
[Round "1.6"]
[White "Lübbert, Charline"]
[Black "Reichelt, Jerome"]
[Result "1-0"]
[WhiteElo "1511"]
[BlackElo "905"]
[PlyCount "39"]
[EventDate "2020.??.??"]
[WhiteTeam "TSG Gadebusch"]
[BlackTeam "SV Grevesmühlen"]

1. e4 e5 2. Bc4 Nf6 3. d3 a6 4. Nf3 Nc6 5. Nc3 Nd4 6. Nxe5 d5 7. Nxd5 Bd6 8.
Nxf7 Kxf7 9. Nxc7+ Ke7 10. Nxa8 Qa5+ 11. Bd2 Qc5 12. c3 b5 13. cxd4 Qa7 14. Bb3
Qxa8 15. e5 Qxg2 16. exd6+ Kxd6 17. Bf4+ Kc6 18. Qc2+ Kb7 19. Qc7+ Ka8 20. Qb8#
1-0

[Event "LEM Nachwuchs M-V u25 08.-12.02.2020"]
[Site "Aula Fleesenseeschule Malch"]
[Date "2020.02.08"]
[Round "1.7"]
[White "Krämer, Bruno"]
[Black "Kimura, Jonas Minoru"]
[Result "1/2-1/2"]
[WhiteElo "904"]
[BlackElo "1415"]
[PlyCount "87"]
[EventDate "2020.??.??"]
[WhiteTeam "HSG Stralsund"]
[BlackTeam "SSC Rostock"]

1. d4 d5 2. Nf3 Bf5 3. Bf4 e6 4. Nc3 Nf6 5. e3 Nbd7 6. Bb5 c6 7. Bd3 Bb4 8. O-O
O-O 9. a3 Ba5 10. b4 Bc7 11. a4 Ne4 12. Bxe4 dxe4 13. Ne5 Nf6 14. b5 Bxe5 15.
Bxe5 Nd5 16. Ra3 Qa5 17. Qa1 Rac8 18. Rb1 f6 19. Bd6 Rfd8 20. Bc5 b6 21. Nxd5
bxc5 22. Ne7+ Kf7 23. Nxc6 Qc7 24. Nxd8+ Rxd8 25. Rc3 Rd5 26. Qb2 e5 27. b6
axb6 28. Qxb6 Qxb6 29. Rxb6 exd4 30. exd4 Rxd4 31. Kf1 Rxa4 32. Rxc5 Bg4 33. f3
exf3 34. gxf3 Bxf3 35. Rc7+ Kg6 36. Rb3 Rf4 37. Kf2 Bd5+ 38. Ke3 Rf3+ 39. Ke2
Rxb3 40. cxb3 Bxb3 41. Kf3 h5 42. h4 Be6 43. Kf4 Kh6 44. Rc5 1/2-1/2

[Event "LEM Nachwuchs M-V u25 08.-12.02.2020"]
[Site "Aula Fleesenseeschule Malch"]
[Date "2020.02.08"]
[Round "1.8"]
[White "Krüger, Louis"]
[Black "Eichler, Max"]
[Result "1-0"]
[WhiteElo "1404"]
[BlackElo "888"]
[PlyCount "39"]
[EventDate "2020.??.??"]
[WhiteTeam "SG Neubrandenburg"]
[BlackTeam "TSG Gadebusch"]

1. d4 d5 2. e3 Nf6 3. f4 Bf5 4. Nf3 e6 5. c3 Nc6 6. Bd3 Ne4 7. O-O Be7 8. Nbd2
h6 9. Ne5 Nxe5 10. fxe5 Nxc3 11. Qc2 Bxd3 12. Qxd3 Ne4 13. Nxe4 dxe4 14. Qxe4
b6 15. Qc6+ Kf8 16. Bd2 Rc8 17. Rac1 Qd5 18. Qa4 Qb7 19. Qd7 Bd8 20. Qxf7# 1-0

[Event "LEM Nachwuchs M-V u25 08.-12.02.2020"]
[Site "Aula Fleesenseeschule Malch"]
[Date "2020.02.08"]
[Round "1.9"]
[White "Camen, Gerris"]
[Black "Lange, Anton"]
[Result "0-1"]
[WhiteElo "860"]
[BlackElo "1385"]
[PlyCount "62"]
[EventDate "2020.??.??"]
[WhiteTeam "Lok Pritzwalk"]
[BlackTeam "HSG Stralsund"]

1. e4 e5 2. Nf3 Nc6 3. Bc4 Be7 4. Nc3 Nf6 5. d3 O-O 6. O-O d6 7. h3 Be6 8. Nd5
Na5 9. Ng5 Nxc4 10. dxc4 Nxd5 11. Nxe6 fxe6 12. cxd5 Qd7 13. Qg4 Rf6 14. Be3
Rg6 15. Qh5 exd5 16. exd5 Rf8 17. Bxa7 b6 18. b3 Ra8 19. Rae1 Rxa7 20. a4 Rg5
21. Qf3 Ra8 22. Qe2 Qxh3 23. f3 Qh4 24. Qc4 Qxc4 25. bxc4 Rxa4 26. Rf2 Rxc4 27.
Ref1 Rf5 28. Rd2 Rd4 29. Rdf2 Bg5 30. c3 Rxd5 31. g4 Rf4 0-1

[Event "LEM Nachwuchs M-V u25 08.-12.02.2020"]
[Site "Aula Fleesenseeschule Malch"]
[Date "2020.02.08"]
[Round "1.10"]
[White "Ederle, Artöm"]
[Black "Liseykin, Tezey"]
[Result "1-0"]
[WhiteElo "1591"]
[BlackElo "843"]
[PlyCount "71"]
[EventDate "2020.??.??"]
[WhiteTeam "Greifswalder SV"]
[BlackTeam "TuS Makkabi Rostock"]

1. d4 Nf6 2. c4 c5 3. Nf3 d5 4. Nc3 e6 5. Bf4 Be7 6. dxc5 Bxc5 7. e3 Qb6 8. Na4
Qb4+ 9. Nd2 Bd7 10. Nxc5 Qxc5 11. Qb3 Nc6 12. Qxb7 Rb8 13. Bxb8 Nxb8 14. Qxb8+
Bc8 15. cxd5 Nd7 16. Qb5 Qxb5 17. Bxb5 Bb7 18. dxe6 fxe6 19. O-O Bc8 20. Rac1
O-O 21. Bxd7 Bxd7 22. Rc7 Bb5 23. Rfc1 Ba6 24. Rxa7 Bb5 25. a4 Be2 26. Rc2 Bd3
27. Rcc7 Bg6 28. Rxg7+ Kh8 29. a5 Rd8 30. Rgd7 Rf8 31. a6 Be4 32. Nxe4 Rc8 33.
Rac7 Rb8 34. a7 Ra8 35. Nf6 Rf8 36. Rxh7# 1-0

[Event "LEM Nachwuchs M-V u25 08.-12.02.2020"]
[Site "Aula Fleesenseeschule Malch"]
[Date "2020.02.08"]
[Round "1.11"]
[White "Ryll, Emily Maria"]
[Black "Bohndorf, Tobias"]
[Result "0-1"]
[WhiteElo "827"]
[BlackElo "1440"]
[PlyCount "58"]
[EventDate "2020.??.??"]
[WhiteTeam "SG Neubrandenburg"]
[BlackTeam "SV Gryps"]

1. e4 e5 2. Nf3 Nc6 3. Bc4 Nf6 4. d3 Be7 5. O-O O-O 6. Nc3 d6 7. Nd5 Na5 8. b3
Nxd5 9. Bxd5 c6 10. Bc4 Nxc4 11. bxc4 Bg4 12. Bb2 Bg5 13. d4 Re8 14. Qd3 Bf6
15. Rfe1 Bxf3 16. Qxf3 exd4 17. c3 dxc3 18. Bxc3 Bxc3 19. Qxc3 Qh4 20. Qd4 Re6
21. f3 b6 22. Rad1 Rae8 23. Re3 f5 24. Rde1 Rh6 25. h3 Ree6 26. Kh2 Reg6 27.
Rg1 Qg3+ 28. Kh1 Rxh3+ 29. gxh3 Qxg1# 0-1

[Event "LEM Nachwuchs M-V u25 08.-12.02.2020"]
[Site "Aula Fleesenseeschule Malch"]
[Date "2020.02.08"]
[Round "1.12"]
[White "Griep, Daniel"]
[Black "Krohn, Joshua"]
[Result "1-0"]
[WhiteElo "1316"]
[BlackElo "762"]
[PlyCount "41"]
[EventDate "2020.??.??"]
[WhiteTeam "TSG Neustrelitz"]
[BlackTeam "SG Jasmund"]

1. e4 e5 2. Nf3 Nc6 3. Bb5 a6 4. Ba4 Nf6 5. Bxc6 bxc6 6. O-O Be7 7. Nxe5 d6 8.
Nxc6 Qd7 9. Nxe7 Qxe7 10. d4 Nxe4 11. Re1 Bb7 12. d5 Qe5 13. Nc3 c6 14. Rxe4
O-O 15. Rxe5 dxe5 16. Qg4 g6 17. Bh6 Rfe8 18. Ne4 f5 19. Qg5 Kf7 20. Qf6+ Kg8
21. Qg7# 1-0

[Event "LEM Nachwuchs M-V u25 08.-12.02.2020"]
[Site "Aula Fleesenseeschule Malch"]
[Date "2020.02.08"]
[Round "1.13"]
[White "Duong, Yen Nhi"]
[Black "Tews, Leon"]
[Result "0-1"]
[WhiteElo "745"]
[BlackElo "1273"]
[PlyCount "108"]
[EventDate "2020.??.??"]
[WhiteTeam "SG Neubrandenburg"]
[BlackTeam "SAV Torgelow"]

1. d4 d5 2. c4 e6 3. Nc3 Nf6 4. Bg5 Nbd7 5. e3 c6 6. Nf3 Be7 7. Be2 O-O 8. O-O
h6 9. Bh4 Re8 10. Qd2 Qa5 11. a3 Nf8 12. Rfd1 Ng6 13. Bg3 Qd8 14. Qc2 Bd7 15.
Bd3 Nf8 16. Nh4 Nh5 17. Nf3 Nxg3 18. hxg3 Bd6 19. c5 Bc7 20. Qb1 Rb8 21. b4 a6
22. Ne2 Qf6 23. Nf4 g6 24. Nh4 g5 25. Nh5 Qe7 26. Nf3 f5 27. Nh2 Qf7 28. g4 Ng6
29. f4 gxf4 30. exf4 Nxf4 31. g3 Nxd3 32. Qxd3 fxg4 33. Nxg4 Kf8 34. Nxh6 Qxh5
35. Rf1+ Ke7 36. Qh7+ Kd8 37. Rf7 Bc8 38. Raf1 Bxg3 39. Kg2 Bh4 40. R1f6 Bxf6
41. Rxf6 Qg5+ 42. Ng4 Qxg4+ 43. Kf2 Qxd4+ 44. Kg3 Qxf6 45. Kg4 Qf5+ 46. Qxf5
exf5+ 47. Kg5 d4 48. a4 d3 49. b5 d2 50. bxc6 bxc6 51. a5 d1=Q 52. Kf6 Re6+ 53.
Kf7 Qd7+ 54. Kf8 Re8# 0-1

[Event "LEM Nachwuchs M-V u25 08.-12.02.2020"]
[Site "Aula Fleesenseeschule Malch"]
[Date "2020.02.08"]
[Round "1.14"]
[White "Schulz, Bruno Andreas"]
[Black "Kern, Odin"]
[Result "1-0"]
[WhiteElo "1270"]
[BlackElo "732"]
[PlyCount "37"]
[EventDate "2020.??.??"]
[WhiteTeam "TuS Makkabi Rostock"]
[BlackTeam "HSG Stralsund"]

1. d4 d5 2. c4 dxc4 3. e3 Be6 4. Nc3 Nc6 5. Nf3 Qd6 6. d5 Bxd5 7. Qxd5 Qxd5 8.
Nxd5 O-O-O 9. Bxc4 e6 10. Nc3 Bb4 11. Bd2 Bxc3 12. Bxc3 Nf6 13. O-O Ne4 14. Bd4
f6 15. Bxe6+ Kb8 16. Bf5 Rd5 17. Bxe4 Nxd4 18. Bxd5 Nxf3+ 19. Bxf3 1-0

[Event "LEM Nachwuchs M-V u25 08.-12.02.2020"]
[Site "Aula Fleesenseeschule Malch"]
[Date "2020.02.09"]
[Round "2.1"]
[White "Goldbach, Aaron"]
[Black "Griep, Daniel"]
[Result "1-0"]
[WhiteElo "1859"]
[BlackElo "1316"]
[PlyCount "59"]
[EventDate "2020.??.??"]
[WhiteTeam "SC Mecklenburger Springer"]
[BlackTeam "TSG Neustrelitz"]

1. d4 e6 2. Nf3 d5 3. Bf4 Bd6 4. Bg3 Nf6 5. e3 Qe7 6. Bd3 Bd7 7. Ne5 Nc6 8. Nd2
Bxe5 9. dxe5 Ne4 10. Bxe4 dxe4 11. c3 O-O-O 12. Nxe4 Na5 13. Qc2 Bc6 14. b3 Qd7
15. O-O Qd3 16. Qxd3 Rxd3 17. Ng5 f6 18. Nxe6 Rxc3 19. Nxg7 Rg8 20. exf6 Bd5
21. Rac1 Rxc1 22. Rxc1 Rd8 23. Bxc7 Rd7 24. Bxa5+ Kb8 25. h3 b6 26. Bc3 Kc8 27.
f3 a5 28. Bxa5+ Kb7 29. Bb4 Rf7 30. Be7 1-0

[Event "LEM Nachwuchs M-V u25 08.-12.02.2020"]
[Site "Aula Fleesenseeschule Malch"]
[Date "2020.02.09"]
[Round "2.2"]
[White "Bohndorf, Tobias"]
[Black "Schmidt, Arne"]
[Result "0-1"]
[WhiteElo "1440"]
[BlackElo "1674"]
[PlyCount "50"]
[EventDate "2020.??.??"]
[WhiteTeam "SV Gryps"]
[BlackTeam "SF Schwerin"]

1. e4 c5 2. Nf3 Nc6 3. d4 cxd4 4. Nxd4 g6 5. Nc3 Bg7 6. Be3 d6 7. Qd2 Nf6 8. f3
O-O 9. O-O-O a6 10. h4 h5 11. Bh6 Qa5 12. Bxg7 Kxg7 13. Be2 Qc5 14. Nb3 Qf2 15.
Rdg1 Qg3 16. Bd3 Ne5 17. Ne2 Qf2 18. Nbd4 Nxd3+ 19. Qxd3 e5 20. Nb3 Be6 21. g3
Rac8 22. Rf1 Qb6 23. Rd1 Rfd8 24. Rd2 d5 25. Kb1 dxe4 0-1

[Event "LEM Nachwuchs M-V u25 08.-12.02.2020"]
[Site "Aula Fleesenseeschule Malch"]
[Date "2020.02.09"]
[Round "2.3"]
[White "Tews, Leon"]
[Black "Ostrzinski, Jan"]
[Result "0-1"]
[WhiteElo "1273"]
[BlackElo "1532"]
[PlyCount "90"]
[EventDate "2020.??.??"]
[WhiteTeam "SAV Torgelow"]
[BlackTeam "Think Rochade"]

1. e4 c5 2. Nf3 Nc6 3. d4 cxd4 4. Nxd4 g6 5. Nc3 Bg7 6. Be3 d6 7. Bc4 Nf6 8.
Qd2 Ng4 9. O-O-O Nxe3 10. fxe3 Ne5 11. Bb3 O-O 12. Rdg1 a6 13. Nf3 b5 14. h3 b4
15. Na4 a5 16. Ng5 e6 17. h4 Ba6 18. Rd1 Nc4 19. Bxc4 Bxc4 20. b3 Qf6 21. Qd4
Qxd4 22. exd4 Bb5 23. Kb1 Bxa4 24. bxa4 Rac8 25. h5 Rc3 26. hxg6 hxg6 27. Nf3
Rfc8 28. Rd2 Re3 29. Re1 Rxe1+ 30. Nxe1 Rc3 31. Nf3 Re3 32. e5 dxe5 33. dxe5
Bxe5 34. Nxe5 Rxe5 35. Rd8+ Kg7 36. Rb8 Kf6 37. Rb5 Rxb5 38. axb5 Ke7 39. Kb2
Kd6 40. Kb3 Kc5 41. Ka4 Kb6 42. a3 bxa3 43. Kxa3 Kxb5 44. Kb3 a4+ 45. Ka3 e5
0-1

[Event "LEM Nachwuchs M-V u25 08.-12.02.2020"]
[Site "Aula Fleesenseeschule Malch"]
[Date "2020.02.09"]
[Round "2.4"]
[White "Zoll, Cindy"]
[Black "Schulz, Bruno Andreas"]
[Result "1-0"]
[WhiteElo "1387"]
[BlackElo "1270"]
[PlyCount "43"]
[EventDate "2020.??.??"]
[WhiteTeam "SG Güstrow"]
[BlackTeam "TuS Makkabi Rostock"]

1. f4 d5 2. Nf3 Nf6 3. d4 e6 4. e3 Nbd7 5. Bd3 Be7 6. O-O O-O 7. Ne5 Re8 8. Nd2
Bf8 9. Ndf3 g6 10. Ng5 h6 11. Ngxf7 Qe7 12. Bxg6 Kg7 13. Qf3 Kg8 14. Qg3 Bg7
15. Nxh6+ Bxh6 16. Bxe8+ Bg7 17. Bf7+ Kh7 18. Qg6+ Kh8 19. Rf3 Nf8 20. Rh3+
N8h7 21. Qxh7+ Nxh7 22. Ng6# 1-0

[Event "LEM Nachwuchs M-V u25 08.-12.02.2020"]
[Site "Aula Fleesenseeschule Malch"]
[Date "2020.02.09"]
[Round "2.5"]
[White "Mandrikov, Markus"]
[Black "Lübbert, Charline"]
[Result "0-1"]
[WhiteElo "1242"]
[BlackElo "1511"]
[PlyCount "110"]
[EventDate "2020.??.??"]
[WhiteTeam "Think Rochade"]
[BlackTeam "TSG Gadebusch"]

1. e4 e5 2. Nf3 Nc6 3. d4 exd4 4. Nxd4 Nxd4 5. Qxd4 Qf6 6. Qc3 Qxc3+ 7. Nxc3
Bb4 8. Bd2 Ne7 9. Bc4 d6 10. a3 Ba5 11. Rd1 Be6 12. Bxe6 fxe6 13. Nb5 Bb6 14.
Be3 Kd7 15. Bxb6 axb6 16. e5 Nc8 17. exd6 Nxd6 18. O-O Ke7 19. Nxd6 cxd6 20.
Rd3 Rhc8 21. c3 b5 22. Rfd1 Rc6 23. Rg3 g6 24. Rg4 Rac8 25. Rb4 Rb6 26. a4 Rc4
27. Rd4 Rxd4 28. cxd4 Rc6 29. h3 bxa4 30. Rxb7+ Kf6 31. Rxh7 Rb6 32. Ra7 Rxb2
33. Rxa4 Rb1+ 34. Kh2 Rd1 35. g4 g5 36. Kg3 Rd3+ 37. f3 d5 38. Kf2 Rc3 39. Ra2
Rd3 40. Ra4 Rd2+ 41. Kg3 Rd3 42. Ra8 Rxd4 43. Rf8+ Ke7 44. Rh8 Rc4 45. h4 gxh4+
46. Rxh4 e5 47. g5 Rxh4 48. Kxh4 d4 49. Kg3 Ke6 50. f4 e4 51. Kg4 d3 52. f5+
Kf7 53. Kh5 d2 54. g6+ Ke7 55. Kh6 d1=Q 0-1

[Event "LEM Nachwuchs M-V u25 08.-12.02.2020"]
[Site "Aula Fleesenseeschule Malch"]
[Date "2020.02.09"]
[Round "2.6"]
[White "Kerth, Robert"]
[Black "Krüger, Louis"]
[Result "0-1"]
[WhiteElo "1544"]
[BlackElo "1404"]
[PlyCount "88"]
[EventDate "2020.??.??"]
[WhiteTeam "SV Gryps"]
[BlackTeam "SG Neubrandenburg"]

1. e4 d6 2. Nc3 g6 3. Nf3 Bg7 4. Bc4 Nf6 5. d3 O-O 6. Bg5 c5 7. O-O a6 8. d4 b5
9. Be2 b4 10. Nd5 Nxd5 11. exd5 Bb7 12. Bc4 Nd7 13. Re1 Re8 14. c3 Nf6 15. Qd3
Bxd5 16. Bxd5 Nxd5 17. Qe4 Nf6 18. Bxf6 Bxf6 19. g3 Qb6 20. Rab1 Qa5 21. cxb4
cxb4 22. Ra1 Rac8 23. b3 Rc7 24. Re2 Rc3 25. Rb1 Qh5 26. Re3 Rxe3 27. Qxe3 Rc8
28. Ne1 Qg4 29. Nd3 Rc3 30. Qf4 Qxf4 31. Nxf4 Rc2 32. Nd3 Bxd4 33. Rc1 Bxf2+
34. Kf1 Rxc1+ 35. Nxc1 Bd4 36. Nd3 a5 37. Ke2 e5 38. Kf3 f5 39. Nc1 Kf7 40. h4
Ke6 41. g4 e4+ 42. Kf4 Be5+ 43. Kg5 Bf6+ 44. Kh6 Bxh4 0-1

[Event "LEM Nachwuchs M-V u25 08.-12.02.2020"]
[Site "Aula Fleesenseeschule Malch"]
[Date "2020.02.09"]
[Round "2.7"]
[White "Lange, Anton"]
[Black "Brand, Hannes"]
[Result "1-0"]
[WhiteElo "1385"]
[BlackElo "1208"]
[PlyCount "73"]
[EventDate "2020.??.??"]
[WhiteTeam "HSG Stralsund"]
[BlackTeam "SC Mecklenburger Springer"]

1. d4 d5 2. Bf4 Nf6 3. Nf3 e6 4. e3 c5 5. c3 Nc6 6. Bd3 Be7 7. O-O O-O 8. Nbd2
Qb6 9. Qc1 c4 10. Bc2 Bd7 11. Bg5 g6 12. Ne5 Rfe8 13. Bxf6 Bxf6 14. Nxd7 Qd8
15. Nxf6+ Qxf6 16. f4 Kg7 17. Qe1 Rh8 18. Rf3 Rag8 19. Rh3 h5 20. Qh4 Qxh4 21.
Rxh4 Ne7 22. Rh3 f6 23. Nf3 Nf5 24. Bxf5 exf5 25. Nh4 Kf7 26. Rg3 Rh6 27. Rf3
Ke6 28. Raf1 Rf8 29. g3 b5 30. a3 a5 31. R3f2 a4 32. Nf3 Rh7 33. Ne1 g5 34.
fxg5 fxg5 35. h3 Rhf7 36. Nf3 g4 37. Ng5+ 1-0

[Event "LEM Nachwuchs M-V u25 08.-12.02.2020"]
[Site "Aula Fleesenseeschule Malch"]
[Date "2020.02.09"]
[Round "2.9"]
[White "Lange, Marius Moritz"]
[Black "Krämer, Bruno"]
[Result "1-0"]
[WhiteElo "1703"]
[BlackElo "904"]
[PlyCount "83"]
[EventDate "2020.??.??"]
[WhiteTeam "VT Ludwigslust"]
[BlackTeam "HSG Stralsund"]

1. e4 e5 2. Nf3 Nc6 3. c3 Nf6 4. d4 exd4 5. e5 Ng4 6. cxd4 d5 7. h3 Nh6 8. Bb5
Bd7 9. Nc3 a6 10. Bxc6 bxc6 11. O-O Rb8 12. b3 Bb4 13. Bxh6 gxh6 14. Ne2 Rg8
15. Kh2 Qc8 16. Qc1 Rxg2+ 17. Kxg2 Bxh3+ 18. Kh2 Qg4 19. Rg1 Qxf3 20. Qe3 Qxe3
21. fxe3 Bc8 22. Rg8+ Bf8 23. Rf1 Ke7 24. Ng3 Be6 25. Nh5 Ra8 26. Nf6 a5 27.
Nxh7 h5 28. Nxf8 Rxf8 29. Rxf8 Kxf8 30. Rc1 Bd7 31. Rc5 Ke8 32. Kg3 Ke7 33.
Rxa5 f6 34. exf6+ Kxf6 35. Ra7 Ke6 36. Kh4 Kd6 37. Kxh5 c5 38. dxc5+ Kxc5 39.
Rxc7+ Bc6 40. Kg5 Kb6 41. Rxc6+ Kxc6 42. Kf4 1-0

[Event "LEM Nachwuchs M-V u25 08.-12.02.2020"]
[Site "Aula Fleesenseeschule Malch"]
[Date "2020.02.09"]
[Round "2.10"]
[White "Kimura, Jonas Minoru"]
[Black "Ivanov, Maksim"]
[Result "0-1"]
[WhiteElo "1415"]
[BlackElo "1034"]
[PlyCount "38"]
[EventDate "2020.??.??"]
[WhiteTeam "SSC Rostock"]
[BlackTeam "SSC Rostock"]

1. d4 f5 2. Nf3 Nf6 3. b3 e6 4. Bb2 Be7 5. e3 O-O 6. Be2 b6 7. O-O Bb7 8. Nbd2
d5 9. Ne5 Nbd7 10. f4 Ne4 11. Nxe4 fxe4 12. Bg4 Rf6 13. Bxe6+ Rxe6 14. Qg4 Rd6
15. Ba3 c5 16. dxc5 bxc5 17. Bb2 Nxe5 18. Bxe5 Rg6 19. Qe2 Ba6 0-1

[Event "LEM Nachwuchs M-V u25 08.-12.02.2020"]
[Site "Aula Fleesenseeschule Malch"]
[Date "2020.02.09"]
[Round "2.11"]
[White "Krohn, Joshua"]
[Black "Fromm, Robert"]
[Result "0-1"]
[WhiteElo "762"]
[BlackElo "1178"]
[PlyCount "76"]
[EventDate "2020.??.??"]
[WhiteTeam "SG Jasmund"]
[BlackTeam "ASV Wismar"]

1. e4 e5 2. Nf3 Nc6 3. Bb5 Bc5 4. Nc3 Nge7 5. O-O O-O 6. d3 d6 7. Bd2 f5 8. h3
h6 9. Nd5 Nxd5 10. exd5 Ne7 11. Bc4 f4 12. Qe2 Ng6 13. Qe4 Bf5 14. Qe2 Nh4 15.
Nxh4 Qxh4 16. Qf3 Rae8 17. Kh2 Qf6 18. Rad1 g5 19. Qh5 Kh7 20. f3 Re7 21. Rde1
Bg6 22. Qg4 h5 23. Qe6 Rxe6 24. dxe6 Bf5 25. b3 g4 26. g3 fxg3+ 27. Kxg3 h4+
28. Kh2 g3+ 29. Kg2 Bxe6 30. Bxe6 Qxe6 31. Rh1 Bf2 32. Re4 Qf6 33. Rf4 exf4 34.
Be1 Bxe1 35. Rxe1 Rf7 36. Rh1 Qb2 37. d4 Qxc2+ 38. Kf1 Qf2# 0-1

[Event "LEM Nachwuchs M-V u25 08.-12.02.2020"]
[Site "Aula Fleesenseeschule Malch"]
[Date "2020.02.09"]
[Round "2.12"]
[White "Markovych, Leonid"]
[Black "Ryll, Emily Maria"]
[Result "0-1"]
[WhiteElo "1117"]
[BlackElo "827"]
[PlyCount "54"]
[EventDate "2020.??.??"]
[WhiteTeam "TuS Makkabi Rostock"]
[BlackTeam "SG Neubrandenburg"]

1. d4 Nf6 2. c4 e6 3. Nc3 d5 4. Nf3 Nc6 5. Bf4 a6 6. a3 g6 7. e3 Bg7 8. Bd3 O-O
9. O-O Re8 10. h3 b6 11. b4 Bb7 12. c5 bxc5 13. bxc5 Nh5 14. Bh2 e5 15. Nxe5
Nxe5 16. dxe5 Bxe5 17. Be2 Bxc3 18. Rb1 Rb8 19. Bxh5 gxh5 20. Qxh5 Bg7 21. Rfc1
c6 22. Bxb8 Qxb8 23. Rb6 Re5 24. Qd1 Rg5 25. Rcb1 Qe8 26. Rxb7 Qe4 27. Qf3 Qxf3
0-1

[Event "LEM Nachwuchs M-V u25 08.-12.02.2020"]
[Site "Aula Fleesenseeschule Malch"]
[Date "2020.02.09"]
[Round "2.13"]
[White "Pommerehnke, Marla"]
[Black "Duong, Yen Nhi"]
[Result "0-1"]
[WhiteElo "1000"]
[BlackElo "745"]
[PlyCount "74"]
[EventDate "2020.??.??"]
[WhiteTeam "TuS Makkabi Rostock"]
[BlackTeam "SG Neubrandenburg"]

1. e4 d6 2. Bc4 g6 3. Nf3 Nf6 4. Nc3 Bg7 5. d3 Nc6 6. h3 O-O 7. d4 e5 8. dxe5
dxe5 9. O-O a6 10. a3 Rb8 11. Bg5 b5 12. Ba2 Bd7 13. Qc1 b4 14. Nb1 a5 15. Bh6
a4 16. Re1 Na5 17. b3 Be6 18. c4 axb3 19. Bg5 Bxc4 20. Nbd2 Qd3 21. Bb1 b2 22.
Qxb2 Qc3 23. Qxc3 bxc3 24. Nf1 Nb3 25. Ra2 Rfd8 26. Rc2 Rd3 27. Nxe5 Nd4 28.
Rcc1 Nf3+ 29. gxf3 Rd4 30. Rxc3 Ba6 31. Nc6 Nd7 32. Nxd4 Bxd4 33. Rxc7 Rb2 34.
Ne3 Ne5 35. Bh6 Nxf3+ 36. Kh1 Rxf2 37. Rd7 Rh2# 0-1